000 00778cam a22002053a 4500
001 40255
003 PGUSA
005 20140828083909.0
008 120716s2012||||xxu|||||s|||||000 | eng d
040 _aPGUSA
_beng
042 _adc
100 1 _aWatkins, C. Malcolm
245 1 4 _aThe Cultural History of Marlborough, Virginia :
_bAn Archeological and Historical Investigation of the Port Town for Stafford County and the Plantation of John Mercer, Including Data Supplied by Frank M. Setzler and Oscar H. Darter
_h[electronic resource] /
_cC. Malcolm Watkins
260 _bProject Gutenberg,
_c2012
506 _aPublic domain in the USA.
516 _aElectronic text
830 0 _aProject Gutenberg
_v40255
856 4 0 _uhttp://www.gutenberg.org/ebooks/40255
942 _cEB
999 _c269508
_d269508